00633nam a2200157Ia 4500008004100000020002200041050002100063100002400084245012100108250001100229260002600240300002500266500011700291650001900408700004800427120626s9999 xx 000 0 und d a978-607-15-0336-704aRM300 F3718 20101 aKATZUNG, Bertram G.10aFarmacologia basica y clinicaceditor, Bertram G. Katzung [et.al.], traductor, Martha Elena Araiza Martinez [et.al.] a11a Ed aMéxicobMcGraw Hill aXIII, 1218 páginas aContiene: Índice de contenido Prefacio Apendice Indice alfabetico Traduccion de: Basic Clinical Pharmacology.17aFARMACOLOGÍA1 aARAIZA MARTINEZ,Martha Elena, trad.[et.al.]